Faculty paper series.

Bibliographic Details
Corporate Author: Texas A & M University. Department of Agricultural Economics
Format: Government Document Serial
Language:English
Published: College Station, Tex. : Dept. of Agricultural Economics, Texas A&M University.
Subjects:

MARC

Tag First Indicator Second Indicator Subfields
LEADER 00000cas a2200000 a 4500
001 in00001021237
005 20150928122326.0
008 900309c19uu9999txuuu 0 0eng d
035 |a (OCoLC)21191409 
035 |9 AFG2541AM 
040 |a AGL  |c AGL  |d TXA  |d UtOrBLW 
043 |a n-us-tx 
049 |a TXAE 
070 0 |a HD1401.F32 
086 |a Z TA225.7 F119pas  |2 txdocs 
090 |a HD1401  |b .F33 
245 0 0 |a Faculty paper series. 
264 1 |a College Station, Tex. :  |b Dept. of Agricultural Economics, Texas A&M University. 
300 |a volumes ;  |c 28 cm. 
336 |a text  |b txt  |2 rdacontent 
337 |a unmediated  |b n  |2 rdamedia 
338 |a volume  |b nc  |2 rdacarrier 
500 |a Description based on FP 92-3 (July,1992). 
500 |a Title from cover. 
500 |a Each issue has a distinctive title. 
650 0 |a Agriculture  |x Economic aspects. 
650 0 |a Agriculture  |x Economic aspects  |z Texas. 
650 0 |a Agriculture  |x Economic aspects  |z United States. 
710 2 |a Texas A & M University.  |b Department of Agricultural Economics. 
999 |a MARS 
999 f f |s 0f65381b-3b24-3423-bfe5-24ad66b5da15  |i e57cc25b-b1e3-321b-a28a-f36cad7c5f07  |t 0 
952 f f |p normal  |a Texas A&M University  |b College Station  |c Sterling C. Evans Library  |d Evans: Library Stacks  |t 0  |e HD1401 .F33  |h Library of Congress classification  |i unmediated -- volume  |k FP97-8  |l 1997:Jan.  |m A14828637593 
952 f f |p normal  |a Texas A&M University  |b College Station  |c Sterling C. Evans Library  |d Evans: Library Stacks  |t 0  |e HD1401 .F33  |h Library of Congress classification  |i unmediated -- volume  |k FP98-1  |l 1997  |m A14827209923 
952 f f |p normal  |a Texas A&M University  |b College Station  |c Sterling C. Evans Library  |d Evans: Library Stacks  |t 0  |e HD1401 .F33  |h Library of Congress classification  |i unmediated -- volume  |k FP97-11  |l 1997:Apr.  |m A14828637519 
952 f f |p normal  |a Texas A&M University  |b College Station  |c Sterling C. Evans Library  |d Evans: Library Stacks  |t 0  |e HD1401 .F33  |h Library of Congress classification  |i unmediated -- volume  |k FP98-9  |l 1998  |m A14827210047 
952 f f |p normal  |a Texas A&M University  |b College Station  |c Sterling C. Evans Library  |d Evans: Library Stacks  |t 0  |e HD1401 .F33  |h Library of Congress classification  |i unmediated -- volume  |k FP976  |l 1996:Nov.  |m A14828638167 
952 f f |p normal  |a Texas A&M University  |b College Station  |c Sterling C. Evans Library  |d Evans: Library Stacks  |t 0  |e HD1401 .F33  |h Library of Congress classification  |i unmediated -- volume  |k FP95-4  |l 1995  |m A14827209648 
952 f f |p normal  |a Texas A&M University  |b College Station  |c Sterling C. Evans Library  |d Evans: Library Stacks  |t 0  |e HD1401 .F33  |h Library of Congress classification  |i unmediated -- volume  |k FP98-6  |l 1998  |m A14828636636 
952 f f |p normal  |a Texas A&M University  |b College Station  |c Sterling C. Evans Library  |d Evans: Library Stacks  |t 0  |e HD1401 .F33  |h Library of Congress classification  |i unmediated -- volume  |k FP92-5  |l 1992  |m A14819088965 
952 f f |p normal  |a Texas A&M University  |b College Station  |c Sterling C. Evans Library  |d Evans: Library Stacks  |t 0  |e HD1401 .F33  |h Library of Congress classification  |i unmediated -- volume  |k FP99-3  |l 1999:Jan.  |m A14828638002 
952 f f |p normal  |a Texas A&M University  |b College Station  |c Sterling C. Evans Library  |d Evans: Library Stacks  |t 0  |e HD1401 .F33  |h Library of Congress classification  |i unmediated -- volume  |k FP93-7  |l 1993  |m A14812270105 
952 f f |p normal  |a Texas A&M University  |b College Station  |c Sterling C. Evans Library  |d Evans: Library Stacks  |t 0  |e HD1401 .F33  |h Library of Congress classification  |i unmediated -- volume  |k FP93-5  |l 1993  |m A14812270008 
952 f f |p normal  |a Texas A&M University  |b College Station  |c Sterling C. Evans Library  |d Evans: Library Stacks  |t 0  |e HD1401 .F33  |h Library of Congress classification  |i unmediated -- volume  |k FP94/7  |l 1994  |m A14818515448 
952 f f |p normal  |a Texas A&M University  |b College Station  |c Sterling C. Evans Library  |d Evans: Library Stacks  |t 0  |e HD1401 .F33  |h Library of Congress classification  |i unmediated -- volume  |k FP98-14  |l 1998  |m A14825716851 
952 f f |p normal  |a Texas A&M University  |b College Station  |c Sterling C. Evans Library  |d Evans: Library Stacks  |t 0  |e HD1401 .F33  |h Library of Congress classification  |i unmediated -- volume  |k FP97-10  |l 1997:Jan.  |m A14828637674 
952 f f |p normal  |a Texas A&M University  |b College Station  |c Sterling C. Evans Library  |d Evans: Library Stacks  |t 0  |e HD1401 .F33  |h Library of Congress classification  |i unmediated -- volume  |k FP92-4  |l 1992  |m A14818697525 
952 f f |p normal  |a Texas A&M University  |b College Station  |c Sterling C. Evans Library  |d Evans: Library Stacks  |t 0  |e HD1401 .F33  |h Library of Congress classification  |i unmediated -- volume  |k FP93-8  |l 1993  |m A14812270155 
952 f f |p normal  |a Texas A&M University  |b College Station  |c Sterling C. Evans Library  |d Evans: Library Stacks  |t 0  |e HD1401 .F33  |h Library of Congress classification  |i unmediated -- volume  |k FP98-3  |l 1998  |m A14827209965 
952 f f |p normal  |a Texas A&M University  |b College Station  |c Sterling C. Evans Library  |d Evans: Library Stacks  |t 0  |e HD1401 .F33  |h Library of Congress classification  |i unmediated -- volume  |k FP98-12  |l 1998  |m A14827210128 
952 f f |p normal  |a Texas A&M University  |b College Station  |c Sterling C. Evans Library  |d Evans: Library Stacks  |t 0  |e HD1401 .F33  |h Library of Congress classification  |i unmediated -- volume  |k FP96-2  |l 1996  |m A14827209761 
952 f f |p normal  |a Texas A&M University  |b College Station  |c Sterling C. Evans Library  |d Evans: Library Stacks  |t 0  |e HD1401 .F33  |h Library of Congress classification  |i unmediated -- volume  |k FP98-7  |l 1998  |m A14828636597 
952 f f |p normal  |a Texas A&M University  |b College Station  |c Sterling C. Evans Library  |d Evans: Library Stacks  |t 0  |e HD1401 .F33  |h Library of Congress classification  |i unmediated -- volume  |k FP99-5  |l 1999:May  |m A14828637991 
952 f f |p normal  |a Texas A&M University  |b College Station  |c Sterling C. Evans Library  |d Evans: Library Stacks  |t 0  |e HD1401 .F33  |h Library of Congress classification  |i unmediated -- volume  |k FP97-17  |l 1997:Aug.  |m A14828637836 
952 f f |p normal  |a Texas A&M University  |b College Station  |c Sterling C. Evans Library  |d Evans: Library Stacks  |t 0  |e HD1401 .F33  |h Library of Congress classification  |i unmediated -- volume  |k FP95/1  |l 1995  |m A14819003208 
952 f f |p normal  |a Texas A&M University  |b College Station  |c Sterling C. Evans Library  |d Evans: Library Stacks  |t 0  |e HD1401 .F33  |h Library of Congress classification  |i unmediated -- volume  |k FP98-17  |l 1998  |m A14828636678 
952 f f |p normal  |a Texas A&M University  |b College Station  |c Sterling C. Evans Library  |d Evans: Library Stacks  |t 0  |e HD1401 .F33  |h Library of Congress classification  |i unmediated -- volume  |k FP94-4  |l 1994:Jan.  |m A14817955132 
952 f f |p normal  |a Texas A&M University  |b College Station  |c Sterling C. Evans Library  |d Evans: Library Stacks  |t 0  |e HD1401 .F33  |h Library of Congress classification  |i unmediated -- volume  |k FP97-16  |l 1997:June  |m A14828637551 
952 f f |p normal  |a Texas A&M University  |b College Station  |c Sterling C. Evans Library  |d Evans: Library Stacks  |t 0  |e HD1401 .F33  |h Library of Congress classification  |i unmediated -- volume  |k FP97-19  |l 1997:Aug.  |m A14828637917 
952 f f |p normal  |a Texas A&M University  |b College Station  |c Sterling C. Evans Library  |d Evans: Library Stacks  |t 0  |e HD1401 .F33  |h Library of Congress classification  |i unmediated -- volume  |k FP92-3  |l 1992  |m A14812269578 
952 f f |p normal  |a Texas A&M University  |b College Station  |c Sterling C. Evans Library  |d Evans: Library Stacks  |t 0  |e HD1401 .F33  |h Library of Congress classification  |i unmediated -- volume  |k FP97-14  |l 1997:Apr.  |m A14828637755 
952 f f |p normal  |a Texas A&M University  |b College Station  |c Sterling C. Evans Library  |d Evans: Library Stacks  |t 0  |e HD1401 .F33  |h Library of Congress classification  |i unmediated -- volume  |k FP96-1  |l 1995  |m A14827209729 
952 f f |p normal  |a Texas A&M University  |b College Station  |c Sterling C. Evans Library  |d Evans: Library Stacks  |t 0  |e HD1401 .F33  |h Library of Congress classification  |i unmediated -- volume  |k FP98-15  |l 1998  |m A14825716932 
952 f f |p normal  |a Texas A&M University  |b College Station  |c Sterling C. Evans Library  |d Evans: Library Stacks  |t 0  |e HD1401 .F33  |h Library of Congress classification  |i unmediated -- volume  |k FP93-6  |l 1993  |m A14812270058 
952 f f |p normal  |a Texas A&M University  |b College Station  |c Sterling C. Evans Library  |d Evans: Library Stacks  |t 0  |e HD1401 .F33  |h Library of Congress classification  |i unmediated -- volume  |k FP95/3  |l 1995  |m A14819003258 
952 f f |p normal  |a Texas A&M University  |b College Station  |c Sterling C. Evans Library  |d Evans: Library Stacks  |t 0  |e HD1401 .F33  |h Library of Congress classification  |i unmediated -- volume  |k FP94-3  |l 1994:Jan.  |m A14817955182 
952 f f |p normal  |a Texas A&M University  |b College Station  |c Sterling C. Evans Library  |d Evans: Library Stacks  |t 0  |e HD1401 .F33  |h Library of Congress classification  |i unmediated -- volume  |k FP97-5  |l 1996:Nov.  |m A14828638125 
952 f f |p normal  |a Texas A&M University  |b College Station  |c Sterling C. Evans Library  |d Evans: Library Stacks  |t 0  |e HD1401 .F33  |h Library of Congress classification  |i unmediated -- volume  |k FP96-4  |l 1996  |m A14827209842 
952 f f |p normal  |a Texas A&M University  |b College Station  |c Sterling C. Evans Library  |d Evans: Library Stacks  |t 0  |e HD1401 .F33  |h Library of Congress classification  |i unmediated -- volume  |k FP94-1  |l 1993  |m A14817379297 
952 f f |p normal  |a Texas A&M University  |b College Station  |c Sterling C. Evans Library  |d Evans: Library Stacks  |t 0  |e HD1401 .F33  |h Library of Congress classification  |i unmediated -- volume  |k FP97-4  |l 1996:Dec.  |m A14828638248 
952 f f |p normal  |a Texas A&M University  |b College Station  |c Sterling C. Evans Library  |d Evans: Library Stacks  |t 0  |e HD1401 .F33  |h Library of Congress classification  |i unmediated -- volume  |k FP96-3  |l 1996  |m A14827209800 
952 f f |p normal  |a Texas A&M University  |b College Station  |c Sterling C. Evans Library  |d Evans: Library Stacks  |t 0  |e HD1401 .F33  |h Library of Congress classification  |i unmediated -- volume  |k FP97-7  |l 1997:Jan.  |m A14828638206 
952 f f |p normal  |a Texas A&M University  |b College Station  |c Sterling C. Evans Library  |d Evans: Library Stacks  |t 0  |e HD1401 .F33  |h Library of Congress classification  |i unmediated -- volume  |k FP99-6  |l 1999:July  |m A14828638280 
952 f f |p normal  |a Texas A&M University  |b College Station  |c Sterling C. Evans Library  |d Evans: Texas Documents (Annex 5th floor)  |t 0  |e Z TA225.7 F119pas  |h Superintendent of Documents classification  |i unmediated -- volume  |k FP 91-3  |l 1991:Sept.  |m A14827565947 
952 f f |p normal  |a Texas A&M University  |b College Station  |c Sterling C. Evans Library  |d Evans: Library Stacks  |t 0  |e HD1401 .F33  |h Library of Congress classification  |i unmediated -- volume  |k FP97-3  |l 1996:Oct.  |m A14828638086 
952 f f |p normal  |a Texas A&M University  |b College Station  |c Sterling C. Evans Library  |d Evans: Library Stacks  |t 0  |e HD1401 .F33  |h Library of Congress classification  |i unmediated -- volume  |k FP00-5  |l 2000:Jan.  |m A14828638329 
952 f f |p normal  |a Texas A&M University  |b College Station  |c Sterling C. Evans Library  |d Evans: Library Stacks  |t 0  |e HD1401 .F33  |h Library of Congress classification  |i unmediated -- volume  |k FP95-7  |l 1995  |m A14827209680 
952 f f |p normal  |a Texas A&M University  |b College Station  |c Sterling C. Evans Library  |d Evans: Library Stacks  |t 0  |e HD1401 .F33  |h Library of Congress classification  |i unmediated -- volume  |k FP97-12  |l 1997:Apr.  |m A14828637713 
952 f f |p normal  |a Texas A&M University  |b College Station  |c Sterling C. Evans Library  |d Evans: Texas Documents (Annex 5th floor)  |t 0  |e Z TA225.7 F119pas  |h Superintendent of Documents classification  |i unmediated -- volume  |k FP 98-8  |l 1998:Jan.  |m A14823195716 
952 f f |p noncirc  |a Texas A&M University  |b College Station  |c Cushing Memorial Library & Archives  |d Cushing: Texas A&M Publications (Remote Storage: 2-3 day retrieval)  |t 0  |e HD1401 .F23  |h Library of Congress classification  |i unmediated -- volume 
952 f f |p normal  |a Texas A&M University  |b College Station  |c Sterling C. Evans Library  |d Evans: Library Stacks  |t 0  |e HD1401 .F33  |h Library of Congress classification  |i unmediated -- volume  |k FP98-10  |l 1998  |m A14827210089 
952 f f |p normal  |a Texas A&M University  |b College Station  |c Sterling C. Evans Library  |d Evans: Library Stacks  |t 0  |e HD1401 .F33  |h Library of Congress classification  |i unmediated -- volume  |k FP97-18  |l 1997:Aug.  |m A14828637878 
952 f f |p normal  |a Texas A&M University  |b College Station  |c Sterling C. Evans Library  |d Evans: Library Stacks  |t 0  |e HD1401 .F33  |h Library of Congress classification  |i unmediated -- volume  |k FP97-2  |l 1996:Oct.  |m A14828638044 
952 f f |p normal  |a Texas A&M University  |b College Station  |c Sterling C. Evans Library  |d Evans: Library Stacks  |t 0  |e HD1401 .F33  |h Library of Congress classification  |i unmediated -- volume  |k FP98-8  |l 1998  |m A14827210005 
952 f f |p normal  |a Texas A&M University  |b College Station  |c Sterling C. Evans Library  |d Evans: Library Stacks  |t 0  |e HD1401 .F33  |h Library of Congress classification  |i unmediated -- volume  |k FP97-9  |l 1997:Jan.  |m A14828637632 
952 f f |p normal  |a Texas A&M University  |b College Station  |c Sterling C. Evans Library  |d Evans: Library Stacks  |t 0  |e HD1401 .F33  |h Library of Congress classification  |i unmediated -- volume  |k FP94-2  |l 1993  |m A14817379386 
952 f f |p normal  |a Texas A&M University  |b College Station  |c Sterling C. Evans Library  |d Evans: Library Stacks  |t 0  |e HD1401 .F33  |h Library of Congress classification  |i unmediated -- volume  |k FP97-15  |l 1997:May  |m A14828637797 
952 f f |p normal  |a Texas A&M University  |b College Station  |c Sterling C. Evans Library  |d Evans: Texas Documents (Annex 5th floor)  |t 0  |e Z TA225.7 F119pas  |h Superintendent of Documents classification  |i unmediated -- volume  |k FP 93-1  |l 1993:Feb.  |m A14822766996 
952 f f |p normal  |a Texas A&M University  |b College Station  |c Sterling C. Evans Library  |d Evans: Library Stacks  |t 0  |e HD1401 .F33  |h Library of Congress classification  |i unmediated -- volume  |k FP94-5  |l 1993:June  |m A14817952794 
952 f f |p normal  |a Texas A&M University  |b College Station  |c Sterling C. Evans Library  |d Evans: Library Stacks  |t 0  |e HD1401 .F33  |h Library of Congress classification  |i unmediated -- volume  |k FP98-13  |l 1998  |m A14825716819 
952 f f |p normal  |a Texas A&M University  |b College Station  |c Sterling C. Evans Library  |d Evans: Library Stacks  |t 0  |e HD1401 .F33  |h Library of Congress classification  |i unmediated -- volume  |k FP99-4  |l 1999:June  |m A14828637959 
952 f f |p normal  |a Texas A&M University  |b College Station  |c Sterling C. Evans Library  |d Evans: Library Stacks  |t 0  |e HD1401 .F33  |h Library of Congress classification  |i unmediated -- volume  |k FP97-1  |l 1996  |m A14827209884 
952 f f |p normal  |a Texas A&M University  |b College Station  |c Sterling C. Evans Library  |d Evans: Texas Documents (Annex 5th floor)  |t 0  |e Z TA225.7 F119pas  |h Superintendent of Documents classification  |i unmediated -- volume  |k FP 92-1  |l 1992:Apr.  |m A14827565989 
998 f f |a HD1401 .F23  |s FP89-8, FP95-1-FP95-4  |t 0  |l Cushing: Texas A&M Publications (Remote Storage: 2-3 day retrieval) 
998 f f |a Z TA225.7 F119pas  |s FP 98-08 (1998:Jan.)  |t 0  |l Evans: Texas Documents (Annex 5th floor) 
998 f f |a HD1401 .F33  |s FP00/5 (2000:Jan.)  |t 0  |l Evans: Library Stacks